000 00206nam a22000857a 4500
008 160718b xxu||||| |||| 00| 0 eng d
100 _93017
_a Lal, A
245 _aIndian Theatre
260 _aLondon
_bOxford
_c2004
999 _c2580
_d2580